000 00699nam a2200217Ii 4500
003 JO-AjNU
008 230606s9999||||xx |||||||||||||| ||und||
020 _a0-03-023811-0
040 _aJO-AjNU
_beng
_erda
_cJO-AjNU
041 _aeng
050 1 4 _aHF5635.S857 1999
100 3 _aStickney,Clyde P / Brown,Paul R,
_eauthor
_93343
245 0 0 _aFinancial Reporting and Statement Analysis : A Strategic Perspective
250 _a4 ed
264 3 1 _aFort Worth : The Dryden Press,1999
300 _a908p
_b Includes appendix indexes(p839-908)
336 _atext
_btxt
_2rdacontent
337 _aunmediated
_bn
_2rdamedia
338 _avolume
_bnc
_2rdacarrier
650 4 _aFinancial Reporting
_93344
999 _aE1747
_c1747
_d1747